000 00788nam a22002297a 4500
005 20240530110958.0
008 221204s2010 au a f b 000 0 eng d
017 _a2009/6/2793
020 _a9789957076993
040 _aEG-CaGPL
_cEG-CaGPL
082 0 4 _221
_a683.8
_bو ت
100 0 _aوفاء فؤاد شلبى
245 1 0 _aتقنيات الادوات والاجهزة الحديثة /
_cتاليف وفاء فؤاد شلبى ، حنان سامى محمد محمد
250 _aط.1
260 _aعمان :
_bدار الفكر،
_c2010
300 _a224 ص. ؛
_c24 سم.
650 0 7 _2qrmak
_aالاجهزة الكهربائية
650 0 7 _aالاجهزة الالكترونية
651 _2qrmak
942 _2ddc
_cBK
999 _c67122
_d67122